[Event "Daireaux IRT 3rd"]
[Site "Daireaux"]
[Date "2019.07.07"]
[Round "4.2"]
[White "Sapienza, Julian"]
[Black "Iborra, Diego"]
[Result "0-1"]
[WhiteElo "2056"]
[BlackElo "1944"]
[PlyCount "140"]
[EventDate "2019.07.06"]
[EventType "swiss"]
[EventRounds "7"]
[EventCountry "ARG"]
[SourceTitle "EXT 2024"]
[Source "ChessBase"]
[SourceDate "2023.10.10"]
[SourceVersion "1"]
[SourceVersionDate "2023.10.10"]
[SourceQuality "1"]

1. e4 e5 2. f4 exf4 3. Nf3 Be7 4. Bc4 Bh4+ 5. Ke2 c6 6. Nc3 Qe7 7. d3 d5 8. Bxd5 cxd5 9. Nxd5 Qd8 10. Bxf4 Na6 11. Ne3 Be7 12. e5 h5 13. h4 Nh6 14. d4 Ng4 15. c4 Nxe3 16. Bxe3 Bg4 17. a3 f6 18. Qd3 0-0 19. Kd2 Bxf3 20. gxf3 fxe5 21. Rag1 Rf7 22. d5 Nc5 23. Qc2 Ne6 24. Qg6 Nf4 25. Bxf4 exf4 26. Qxh5 Qa5+ 27. Kc2 Rc8 28. Kb1 Bf6 29. Rc1 Qd2 30. Rc2 Qd4 31. Rhh2 Rxc4 32. Rxc4 Qxc4 33. Rc2 Qd4 34. Qf5 Qe5 35. Rc8+ Rf8 36. Rxf8+ Kxf8 37. Qc8+ Kf7 38. Qxb7+ Kg6 39. Qb5 Kh5 40. Qb4 Kxh4 41. d6 Kg3 42. Qd2 Kxf3 43. d7 Qb8 44. Qd3+ Kg4 45. Qg6+ Kh4 46. Qh7+ Kg5 47. Qh2 Qd6 48. Qg1+ Kf5 49. Qxa7 Ke6 50. Qb7 g5 51. Qe4+ Kxd7 52. a4 Qe5 53. Qb7+ Kd6 54. Qb6+ Kd5 55. Qb7+ Kc4 56. Qa6+ Kb4 57. Qb6+ Kxa4 58. b3+ Ka3 59. Qa6+ Kxb3 60. Qd3+ Kb4 61. Qd2+ Kc4 62. Qa2+ Kd3 63. Qc2+ Ke3 64. Qc1+ Kf2 65. Qc2+ Kf1 66. Qd3+ Kg2 67. Qd2+ Kg3 68. Qd3+ f3 69. Kc2 Qe2+ 70. Kc1 Bb2+ 0-1

[Event "Buenos Aires Faogba 35th"]
[Site "Buenos Aires"]
[Date "2018.11.30"]
[Round "7.1"]
[White "Sapienza, Julian"]
[Black "Varela, Gaston"]
[Result "1/2-1/2"]
[WhiteElo "2080"]
[BlackElo "2412"]
[PlyCount "104"]
[EventDate "2018.11.13"]
[EventType "swiss"]
[EventRounds "7"]
[EventCountry "ARG"]
[SourceTitle "EXT 2024"]
[Source "ChessBase"]
[SourceDate "2023.10.10"]
[SourceVersion "1"]
[SourceVersionDate "2023.10.10"]
[SourceQuality "1"]

1. e4 c5 2. Nf3 e6 3. d4 cxd4 4. Nxd4 a6 5. Nc3 Qc7 6. a3 Nc6 7. Be2 Nf6 8. Be3 b5 9. f4 Bb7 10. 0-0 Bc5 11. Qd3 d6 12. Kh1 Nxd4 13. Bxd4 Bxd4 14. Qxd4 0-0 15. Rad1 Rad8 16. Rf3 e5 17. fxe5 dxe5 18. Qa7 Rxd1+ 19. Bxd1 Ra8 20. Qe3 Qd6 21. Qd3 Rd8 22. Be2 Qb6 23. Qe3 Qxe3 24. Rxe3 Kf8 25. Kg1 Rd4 26. Bd3 Ke7 27. h3 h5 28. Ne2 Rd8 29. Kf2 g6 30. Nc1 Rd4 31. c3 Ra4 32. Bc2 Rc4 33. Nb3 Bxe4 34. Nd2 Bxc2 35. Rxe5+ Kd6 36. Nxc4+ bxc4 37. Re1 Bf5 38. Rd1+ Nd5 39. g4 hxg4 40. hxg4 Be6 41. b3 Kc5 42. bxc4 Nxc3 43. Rc1 Kxc4 44. g5 Kb3 45. Ke3 a5 46. Kd2 Ne4+ 47. Ke3 Nxg5 48. Rc5 Nh3 49. Rxa5 f5 50. Ra6 f4+ 51. Kf3 Bf5 52. Ra5 Bd7 1/2-1/2

[Event "Buenos Aires U2200 op"]
[Site "Buenos Aires"]
[Date "2018.04.21"]
[Round "3.2"]
[White "Sapienza, Julian"]
[Black "Iborra, Diego"]
[Result "1-0"]
[WhiteElo "2117"]
[BlackElo "1978"]
[PlyCount "39"]
[EventDate "2018.04.20"]
[EventType "swiss"]
[EventRounds "7"]
[EventCountry "ARG"]
[SourceTitle "EXT 2024"]
[Source "ChessBase"]
[SourceDate "2023.10.10"]
[SourceVersion "1"]
[SourceVersionDate "2023.10.10"]
[SourceQuality "1"]

1. e4 c5 2. Nf3 Nc6 3. d4 cxd4 4. Nxd4 d6 5. Nc3 g6 6. Bc4 Bg7 7. Be3 Nf6 8. f3 a6 9. Qd2 h5 10. 0-0-0 b5 11. Nxc6 Qc7 12. e5 Nd7 13. Bd5 Bb7 14. exd6 Qxd6 15. Ne4 Qc7 16. Ng5 e6 17. Bf4 Qc8 18. Nxf7 Kxf7 19. Bxe6+ Kf8 20. Qd6+ 1-0

[Event "Daireaux U2200 1st"]
[Site "Daireaux"]
[Date "2017.07.09"]
[Round "7.3"]
[White "Sapienza, Julian"]
[Black "Valli, Americo"]
[Result "1-0"]
[WhiteElo "2101"]
[BlackElo "1988"]
[PlyCount "51"]
[EventDate "2017.07.07"]
[EventType "swiss"]
[EventRounds "7"]
[EventCountry "ARG"]
[SourceTitle "EXT 2024"]
[Source "ChessBase"]
[SourceDate "2023.10.10"]
[SourceVersion "1"]
[SourceVersionDate "2023.10.10"]
[SourceQuality "1"]

1. e4 e5 2. f4 d5 3. exd5 e4 4. d3 Nf6 5. dxe4 Nxe4 6. Be3 Bb4+ 7. c3 0-0 8. cxb4 Qh4+ 9. g3 Nxg3 10. Nf3 Qe7 11. hxg3 Qxe3+ 12. Qe2 Qb6 13. Nc3 Bg4 14. 0-0-0 Nd7 15. Qd3 g6 16. Bg2 Qf2 17. Rd2 Qxg3 18. Ng5 Qxf4 19. Nxh7 Rfe8 20. Ne4 Bf5 21. Nhf6+ Nxf6 22. Nxf6+ Kf8 23. Qc3 Re2 24. Rh8+ Ke7 25. d6+ cxd6 26. Nd5+ 1-0